|
|
|
|
| LEADER |
00000nab a2200000u 4500 |
| 001 |
vtls011906503 |
| 003 |
SK-MaSNL |
| 005 |
20260304214532.0 |
| 008 |
191211|20191127xo ||||||| || ||slo| |
| 038 |
|
|
|a KEVKJB
|
| 040 |
|
|
|a KEVKJB
|b slo
|e rda
|
| 041 |
0 |
|
|a slo
|
| 043 |
|
|
|a e-xo---
|
| 044 |
|
|
|a xo
|c SK
|
| 072 |
|
7 |
|a 625
|x Pozemné komunikácie. Železničné staviteľstvo
|2 konspekt
|
| 080 |
|
|
|a 625.7/.8
|2 2011
|
| 100 |
1 |
|
|a Almášiová, Monika
|4 aut
|9 1086573
|
| 245 |
1 |
0 |
|a Košice vyhlásili v Čermeli havarijný stav. Aby urýchlili montáž zvodidiel
|c Monika Almášiová
|
| 300 |
|
|
|b Fotografie
|
| 336 |
|
|
|a text
|b txt
|2 rdacontent
|
| 337 |
|
|
|a bez média
|b n
|2 rdamedia
|
| 338 |
|
|
|a zväzok
|b nc
|2 rdacarrier
|
| 650 |
0 |
7 |
|a pozemné komunikácie
|2 SNKPH
|9 3578
|
| 651 |
|
7 |
|a Košice (Slovensko)
|2 SNKPHgeo
|9 18694
|
| 651 |
|
7 |
|a Čermeľská cesta (Košice, Slovensko)
|2 kevkjb
|9 31583
|
| 773 |
0 |
|
|t Korzár
|g Roč. XXII., č. 276 (27.11.2019), s. 6
|x 2585-7355
|
| 852 |
|
|
|a KEVKJB
|b KIS3GCP
|
| 856 |
4 |
1 |
|u https://kosice.korzar.sme.sk/c/22269392/mesto-vyhlasilo-na-cermelskej-ceste-havarijny-stav-aby-urychlilo-montaz-zvodidiel.html
|
| 999 |
|
|
|c 3141890
|d 3143820
|